Szczegóły MARC21

Ewolucja geosystemów nadmorskich południowego Bałtyku /

003 -Nazwa inst., której nr kontr. jest w polu 001 [,]
    • @
    • Nazwa instytucji, której n kontrolny jest w polu 001
    • NUKAT
005 -DATA I CZAS OSTATNIEJ MODYFIKACJI [,]
    • @
    • pole kontrolne
    • 20241231102005.0
020 -Międzynarod. znormalizowany nr książki - ISBN [ , ]
    • a
    • Numer ISBN
    • 8388163027 Find
040 -Instytucja sporządzająca opis [ , ]
    • a
    • Instytucja, która sporządziła opis (NP)
    • TOR U/MKO
    • c
    • Instytucja, która sporządziła rekord (NP)
    • TOR U/MKO
    • d
    • Instytucja, która zmodyfikowała rekord (P)
    • TOR U/LF
    • d
    • Instytucja, która zmodyfikowała rekord (P)
    • Ł U/TKs
041 -Język dokumentu [0, ]
    • a
    • Język tekstu (P)
    • polski
    • b
    • Język streszczeń lub abstraktu (P)
    • angielski
942 -Rodzaj dokumentu [ , ]
    • c
    • Rodzaj dokumentu
    • Książka
245 -Strefa tytułu i oznaczenia odpowiedzialności [0,0]
    • a
    • Tytuł
    • Ewolucja geosystemów nadmorskich południowego Bałtyku / Find
    • c
    • Pozostałe elementy strefy tytułu i oznaczenia odpowiedzialności (NP)
    • pod red. Ryszarda K. Borówki, Zygmunta Młynarczyka, Adama Wojciechowskiego.
260 -Strefa adresu wydawniczego [ , ]
    • a
    • Miejsce wydania (P)
    • Poznań ;
    • a
    • Miejsce wydania (P)
    • Szczecin :
    • b
    • Nazwa wydawcy (P)
    • Bogucki Wydaw. Naukowe,
    • c
    • Data wydania (P)
    • 1999.
300 -Strefa opisu fizycznego [ , ]
    • a
    • Określenie formy książki i/lub objętość (NP)
    • 198 s. :
    • b
    • Oznaczenie ilustracji (NP)
    • fot. (w tym kolor.), mapy, rys., wykr. ;
    • c
    • Format (NP)
    • 30 cm.
336 -Typ zawartości [ , ]
    • a
    • Termin opisujący typ zawartości
    • Tekst
    • b
    • Kod określający zawartość
    • txt
    • 2
    • Źródło (terminu i kodu)
    • rdacontent
337 -Typ mediów [ , ]
    • a
    • Tryb odtwarzania
    • Bez urządzenia pośredniczącego
    • b
    • Kod typu mediów
    • n
    • 2
    • Źródło (terminu i kodu)
    • rdamedia
338 -Typ/rodzaj nośnika [ , ]
    • a
    • Hasło opisujące typ nośnika
    • Wolumin
    • b
    • Kod typu nośnika
    • nc
    • 2
    • Źródło (terminu i kodu)
    • rdacarrier
500 -Uwaga ogólna [ , ]
    • a
    • Uwaga ogólna (NP)
    • Publikacja wydana z okazji konferencji "Ewolucja geosystemów nadmorskich południowego Bałtyku" dedykowanej Profesorowi Karolowi Rotnickiemu w czterdziestą rocznicę pracy naukowej.
504 -Uwaga dot. bibliogr. załącznikowej [ , ]
    • a
    • Uwaga dot. bibliografii załącznikowej
    • Bibliogr. przy art.
536 -Uwaga dot. finansowania książki [ , ]
    • a
    • Tekst uwagi
    • Wydanie publikacji dofinansowane przez Komitet Badań Naukowych oraz Zakłady Chemiczne "Police" S.A.
546 -Uwaga dot. języka [ , ]
    • a
    • Uwaga dot. języka
    • Streszcz. ang.
080 -Uniwersalna Klasyfikacja Dziesiętna [ , ]
    • a
    • Symbol klasyfikacji
    • 551.465.7(438)
080 -Uniwersalna Klasyfikacja Dziesiętna [ , ]
    • a
    • Symbol klasyfikacji
    • :551.351(438)
650 -Hasło przedmiotowe [ ,7]
    • a
    • Hasło przedmiotowe
    • Geologia
    • z
    • Określnik geograficzny
    • Polska
    • z
    • Określnik geograficzny
    • Bałtyku, Wybrzeże.
    • 2
    • Źródło terminu
    • kaba
    • 9
    • KHW
    • 436919
650 -Hasło przedmiotowe [ ,7]
    • a
    • Hasło przedmiotowe
    • Procesy eoliczne
    • z
    • Określnik geograficzny
    • Polska
    • z
    • Określnik geograficzny
    • Bałtyku, Wybrzeże.
    • 2
    • Źródło terminu
    • kaba
    • 9
    • KHW
    • 436920
980 -Symbol UKD [ , ]
    • a
    • UKD
    • 551.465.7:551.351](438)
700 -Hasło dodatkowe - nazwa osobowa [1, ]
    • a
    • Nazwa osobowa (NP)
    • Borówka, Ryszard Krzysztof Find
    • d
    • Daty biograficzne (NP)
    • (1949- ).
    • e
    • Określenie rodzaju współpracy
    • Red.
    • 9
    • KHW
    • 19492
700 -Hasło dodatkowe - nazwa osobowa [1, ]
    • a
    • Nazwa osobowa (NP)
    • Młynarczyk, Zygmunt. Find
    • e
    • Określenie rodzaju współpracy
    • Red.
    • 9
    • KHW
    • 44176
700 -Hasło dodatkowe - nazwa osobowa [1, ]
    • a
    • Nazwa osobowa (NP)
    • Wojciechowski, Adam. Find
    • e
    • Określenie rodzaju współpracy
    • Red.
    • 9
    • KHW
    • 436718
710 -Hasło dodatkowe - nazwa ciała zbiorowego [2, ]
    • a
    • Nazwa ciała zbiorowego lub nazwa geograficzna jako pierwszy element (NP)
    • Bogucki Wydawnictwo Naukowe.
    • 4
    • Kod relacji
    • pbl
    • 9
    • KHW
    • 63513
920 -ISBN [ , ]
    • a
    • ISBN
    • 83-88163-02-7 Find
Numer inwentarzowy Data inwentaryzacji Status udost. Sygnatura Lokalizacja
Z.981222001-12-191Z.98122BG
Bl.99572001-12-19-3 BG
Bl.99582001-12-19-3 BG
Bl.99592001-12-19-3 BG
Bl.99602001-12-19-3 BG